000 00513nam a2200193Ia 4500
005 20250508163932.0
008 008 250505s9999 xx 000 0 eng d
020 _a033390 173 8
037 _aTextual
040 _aFEDL
_beng
_cFEDL
041 _aeng
_2eng
084 _a320.54, TAG
_qFEDL
100 _aTagore Rabindranath
245 0 _aNationalism
260 _aMadras, India
_bMacmillan India Limited
_c1976
300 _a82p.
942 _cTEXL
_h320.54, TAG
999 _c1386170
_d1386170